| 000 | 00360nam a2200133Ia 4500 | ||
|---|---|---|---|
| 008 | 150202s9999 xx 000 0 und d | ||
| 020 | _a553569791 | ||
| 050 |
_aFIC _bFIC |
||
| 100 | _aMargolin, Philip. | ||
| 245 | 4 |
_aThe innocent man / _cPhilip Margolin. |
|
| 260 |
_aNew York : _bBantam Books, _c1995. |
||
| 300 |
_a318 pages : _c18 cm. |
||
| 650 | _aFiction. | ||
| 999 |
_c282232 _d282232 |
||